000 00741nam a2200289Ia 4500
005 20260324111447.0
008 008 260324s9999 xx 000 0 eng d
020 _a9781032639284
037 _aEBOOK
040 _aCRL
040 _beng
040 _cCRL
041 _2eng
041 _aeng
084 _qCRL
100 _aJohn-Tyler Binfet; Christine Yvette Tardif-Williams
_91138652
245 0 _aOptimizing Therapy Dog-Handler Team Welfare
245 2 _bA Guide for Researchers and Practitioners
260 _bTaylor and Francis
260 _c2025
365 _a
365 _b220
856 _uhttp://www.taylorfrancis.com/books/9781032639284
942 _cEBOOK
999 _c1727484
_d1727484